জন সিঙ্গার সার্জেন্ট / (Record no. 254295)
[ view plain ]
| 000 -LEADER | |
|---|---|
| fixed length control field | 00899nam a22002057a 4500 |
| 003 - CONTROL NUMBER IDENTIFIER | |
| control field | BD-DhUL |
| 005 - DATE AND TIME OF LATEST TRANSACTION | |
| control field | 20210913141525.0 |
| 008 - FIXED-LENGTH DATA ELEMENTS--GENERAL INFORMATION | |
| fixed length control field | 210824s1997 bg a|||| b||| 00| 0 ben | |
| 040 ## - CATALOGING SOURCE | |
| Original cataloging agency | BD-DhUL |
| Transcribing agency | BD-DhUL |
| 082 ## - DEWEY DECIMAL CLASSIFICATION NUMBER | |
| Classification number | 700.92 |
| Item number | CHJ |
| 100 1# - MAIN ENTRY--PERSONAL NAME | |
| Personal name | চৌধুরী, কবীর |
| 245 00 - TITLE STATEMENT | |
| Title | জন সিঙ্গার সার্জেন্ট / |
| Statement of responsibility, etc. | কবীর চৌধুরী । |
| 260 ## - PUBLICATION, DISTRIBUTION, ETC. (IMPRINT) | |
| Place of publication, distribution, etc. | ঢাকা : |
| Name of publisher, distributor, etc. | বাংলাদেশ শিল্পকলা একাডেমী, |
| Date of publication, distribution, etc. | ১৯৯৭ । |
| 300 ## - PHYSICAL DESCRIPTION | |
| Extent | ৬৭ : |
| Other physical details | চিত্র (কিছু রঙ্গিন) ; |
| Dimensions | ২২ সেমি. |
| 365 ## - TRADE PRICE | |
| Price type code | BDT |
| Price amount | 130.00 |
| 504 ## - BIBLIOGRAPHY, ETC. NOTE | |
| Bibliography, etc | গ্রন্থপঞ্জিগত তথ্য সংবলিত । |
| 600 4# - SUBJECT ADDED ENTRY--PERSONAL NAME | |
| Personal name | সার্জেন্ট, জন সিঙ্গার |
| General subdivision | জীবনী । |
| 600 4# - SUBJECT ADDED ENTRY--PERSONAL NAME | |
| Personal name | Sargent,John Singer |
| General subdivision | Biography. |
| 942 ## - ADDED ENTRY ELEMENTS (KOHA) | |
| Source of classification or shelving scheme | |
| Koha item type | Books |
| Date last seen | Permanent Location | Not for loan | Date acquired | Source of classification or shelving scheme | Koha item type | Lost status | Withdrawn status | Copy number | Source of acquisition | Collection code | Damaged status | Shelving location | Barcode | Current Location | Full call number |
|---|---|---|---|---|---|---|---|---|---|---|---|---|---|---|---|
| 2021-08-24 | Dhaka University Library | 2020-12-28 | Books | 1 | Purchased | Non Fiction | General Stacks | 519609 | Dhaka University Library | 700.92 CHJ | |||||
| 2021-08-24 | Dhaka University Library | 2020-12-28 | Books | 2 | Purchased | Non Fiction | General Stacks | 519610 | Dhaka University Library | 700.92 CHJ |
